ARRUPE JESUIT UNIVERSITY

CORONAVIRUS -STOP THE SPREAD - CLEAN,DISINFECT,COVER

Leibniz / (Record no. 128081)

MARC details
000 -LEADER
fixed length control field 01733cam a22003854a 4500
001 - CONTROL NUMBER
control field 13735043
003 - CONTROL NUMBER IDENTIFIER
control field ARRUPE
005 - DATE AND TIME OF LATEST TRANSACTION
control field 20180904100546.0
008 - FIXED-LENGTH DATA ELEMENTS--GENERAL INFORMATION
fixed length control field 040929s2005 enk b 001 0deng
010 ## - LIBRARY OF CONGRESS CONTROL NUMBER
LC control number 2004022912
015 ## - NATIONAL BIBLIOGRAPHY NUMBER
National bibliography number GBA502550
Source bnb
016 7# - NATIONAL BIBLIOGRAPHIC AGENCY CONTROL NUMBER
Record control number 013079861
Source Uk
020 ## - INTERNATIONAL STANDARD BOOK NUMBER
International Standard Book Number 041528337X (hbk. : alk. paper)
020 ## - INTERNATIONAL STANDARD BOOK NUMBER
International Standard Book Number 9780415283373 (hbk. : alk. paper)
020 ## - INTERNATIONAL STANDARD BOOK NUMBER
International Standard Book Number 0415283388 (pbk. : alk. paper)
020 ## - INTERNATIONAL STANDARD BOOK NUMBER
International Standard Book Number 9780415283380 (pbk. : alk. paper)
035 ## - SYSTEM CONTROL NUMBER
System control number (OCoLC)ocm56729783
035 ## - SYSTEM CONTROL NUMBER
System control number (OCoLC)56729783
040 ## - CATALOGING SOURCE
Original cataloging agency DLC
Transcribing agency DLC
Modifying agency DLC
042 ## - AUTHENTICATION CODE
Authentication code pcc
050 00 - LIBRARY OF CONGRESS CALL NUMBER
Classification number B2598
Item number .J57 2005
082 00 - DEWEY DECIMAL CLASSIFICATION NUMBER
Classification number 193
Edition number 22
084 ## - OTHER CLASSIFICATION NUMBER
Classification number 08.24
Source of number bcl
300 ## - PHYSICAL DESCRIPTION
Dimensions 23 cm.
100 1# - MAIN ENTRY--PERSONAL NAME
Personal name Jolley, Nicholas.
9 (RLIN) 41925
245 10 - TITLE STATEMENT
Title Leibniz /
Statement of responsibility, etc Nicholas Jolley.
260 ## - PUBLICATION, DISTRIBUTION, ETC. (IMPRINT)
Place of publication, distribution, etc London ;
-- New York :
Name of publisher, distributor, etc Routledge,
Date of publication, distribution, etc 2005.
300 ## - PHYSICAL DESCRIPTION
Extent xii, 260 p. ;
440 #0 - SERIES STATEMENT/ADDED ENTRY--TITLE
Title Routledge philosophers
9 (RLIN) 41926
504 ## - BIBLIOGRAPHY, ETC. NOTE
Bibliography, etc Includes bibliographical references (p. [235]-240) and index.
505 0# - FORMATTED CONTENTS NOTE
Formatted contents note Leibniz : life and works -- The metaphysics of substances : unity and activity -- The theory of monads -- Mind, knowledge, and ideas -- Human and divine freedom -- The problem of evil -- Ethics and politics -- Legacy and influence.
600 10 - SUBJECT ADDED ENTRY--PERSONAL NAME
Personal name Leibniz, Gottfried Wilhelm,
Titles and other words associated with a name Freiherr von,
Dates associated with a name 1646-1716.
9 (RLIN) 11204
856 41 - ELECTRONIC LOCATION AND ACCESS
Materials specified Table of contents
Uniform Resource Identifier <a href="http://www.loc.gov/catdir/toc/ecip051/2004022912.html">http://www.loc.gov/catdir/toc/ecip051/2004022912.html</a>
856 42 - ELECTRONIC LOCATION AND ACCESS
Materials specified Publisher description
Uniform Resource Identifier <a href="http://www.loc.gov/catdir/enhancements/fy0709/2004022912-d.html">http://www.loc.gov/catdir/enhancements/fy0709/2004022912-d.html</a>
906 ## - LOCAL DATA ELEMENT F, LDF (RLIN)
a 7
b cbc
c orignew
d 1
e ecip
f 20
g y-gencatlg
942 ## - ADDED ENTRY ELEMENTS (KOHA)
Source of classification or shelving scheme Library of Congress Classification
Koha item type Monograph ( Printed materials)
Holdings
Withdrawn status Lost status Source of classification or shelving scheme Damaged status Not for loan Home library Current library Date acquired Total Checkouts Full call number Barcode Date last seen Price effective from Koha item type
    Library of Congress Classification     ARRUPE LIBRARY ARRUPE LIBRARY 04/09/2018   B2598 .J57 2005 46600002359 04/09/2018 04/09/2018 Monograph ( Printed materials)

 

Arrupe Library. PO Box MP320 Mt Pleasant, Harare, Zimbabwe
263 242 745411|librarian@aju.ac.zw